Central Library OPAC University of Rajshahi

Cairo to Riyadh diary / (Record no. 25369)

MARC details
000 -LEADER
fixed length control field 00705nam a22002411 4500
001 - CONTROL NUMBER
control field 25369
003 - CONTROL NUMBER IDENTIFIER
rucl marc code BD-RjUL
005 - DATE AND TIME OF LATEST TRANSACTION
control field 20211209050853.0
008 - FIXED-LENGTH DATA ELEMENTS--GENERAL INFORMATION
fixed length control field 140318s1950 enkaf 000 0 eng
035 ## - SYSTEM CONTROL NUMBER
System control number (BD-RjUL)25439
System control number (OCoLC)2617771
040 ## - CATALOGING SOURCE
Original cataloging agency DLC
Transcribing agency FTaSU
Modifying agency OCoLC
-- Uk
-- DLC
-- BD-RjUL
Language of cataloging eng
041 ## - LANGUAGE CODE
Language code of text/sound track or separate title eng
082 00 - DEWEY DECIMAL CLASSIFICATION NUMBER
Classification number 956
Author mark and year BIC 1950
100 1# - MAIN ENTRY--PERSONAL NAME
Personal name Bilainkin, George,
Dates associated with a name 1903-1981.
9 (RLIN) 78003
245 10 - TITLE STATEMENT
Title Cairo to Riyadh diary /
Statement of responsibility, etc. George Bilainkin.
260 ## - PUBLICATION, DISTRIBUTION, ETC. (IMPRINT)
Place of publication, distribution, etc. London :
Name of publisher, distributor, etc. Williams and Norgate,
Date of publication, distribution, etc. 1950.
300 ## - PHYSICAL DESCRIPTION
Pagination x, 233 p. :
Illustrations plates, ports. ;
Size 19 cm.
651 #0 - SUBJECT ADDED ENTRY--GEOGRAPHIC NAME
Geographic name Middle East
General subdivision Politics and government.
9 (RLIN) 78004
942 ## - ADDED ENTRY ELEMENTS (KOHA)
Source of classification or shelving scheme Dewey Decimal Classification
Koha item type Books
Holdings
Lost status Source of classification or shelving scheme Damaged status Not for loan Collection code Permanent Location Current Location Shelving location Date acquired Source of acquisition Cost, normal purchase price Total Checkouts Full call number Date last seen Copy number Koha item type
  Dewey Decimal Classification   Added to bundle Non-fiction Central Library, University of Rajshahi Central Library, University of Rajshahi Reading Room 17/11/1956 A. B. C. 8.80   956 BIC 1950 18/03/2014 C-1 Books